Regression Analysis as an Objective Tool of Economic Management of Rolling Mill
Optimalizácia nákladov, metódy evidencie fixných a variabilných nákladov a adekvátne rozhodovanie v podniku. Špecifiká v manažmente metalurgických podnikov.
Enregistré dans:
| Auteur principal: | |
|---|---|
| Autres auteurs: | , , , , , |
| Format: | Chapitre de livre |
| Langue: | anglais |
| Sujets: | |
| Tags: |
Pas de tags, Soyez le premier à ajouter un tag!
|
MARC
| LEADER | 00000naa a2200000 4500 | ||
|---|---|---|---|
| 001 | 0198447 | ||
| 005 | 20240502083504.5 | ||
| 041 | 0 | |a eng | |
| 044 | |a HR | ||
| 245 | 1 | 0 | |a Regression Analysis as an Objective Tool of Economic Management of Rolling Mill |c Šárka Vilamová, Andrej Miklošík, Roman Kozel, A. Samolejová, M. Piecha, Erik Weiss, Kamila Janovská |
| 520 | |a Optimalizácia nákladov, metódy evidencie fixných a variabilných nákladov a adekvátne rozhodovanie v podniku. Špecifiká v manažmente metalurgických podnikov. | ||
| 610 | 2 | 0 | |a metalurgia |
| 610 | 2 | 0 | |a analýza nákladov |
| 610 | 2 | 0 | |a kalkulácia nákladov |
| 610 | 2 | 0 | |a náklady fixné |
| 610 | 2 | 0 | |a náklady variabilné |
| 610 | 2 | 0 | |a metódy optimalizačné |
| 610 | 2 | 0 | |a plánovanie hospodárske |
| 610 | 2 | 0 | |a plánovanie podnikové |
| 610 | 2 | 0 | |a analýza regresná |
| 610 | 2 | 0 | |a konkurencieschopnosť |
| 100 | 1 | |a Vilamová, Šárka | |
| 700 | 1 | |a Miklošík, Andrej | |
| 700 | 1 | |a Kozel, Roman | |
| 700 | 1 | |a Samolejová, A. | |
| 700 | 1 | |a Piecha, Marian | |
| 700 | 1 | |a Weiss, Erik, 1979- | |
| 700 | 1 | |a Janovská, Kamila | |